| 000 | 00738nam a2200229 4500 | ||
|---|---|---|---|
| 003 | OSt | ||
| 005 | 20240618062719.0 | ||
| 006 | a | ||
| 008 | 240618b |||||||| |||| 00| 0 eng d | ||
| 020 | _a9780230250338 | ||
| 040 |
_aDWCL-Main lib. _cOC |
||
| 082 | _aCirc. 650.0721 S874k 2011 | ||
| 100 | _aStokes, Peter | ||
| 245 | _aKey concepts in business and management research methods / | ||
| 260 |
_aNew York : _bPlagrave Macmillan, _cc2011. |
||
| 300 |
_axiii, _b150 p. : ill. ; _c22 cm. |
||
| 490 | _3Palgrave key concepts | ||
| 504 | _aIncludes bibliographical references and index. | ||
| 650 | _a1. Business–Research–Methodology. | ||
| 650 | _a2. Management–Research–Methodology. | ||
| 942 |
_2ddc _n0 _cBK-CIRC _kCirc. |
||
| 999 |
_c826 _d826 |
||